000 00620nam a2200241Ia 4500
003 OSt
005 20221007071239.0
006 a|||||r|||| 00| 0
007 ta
008 221006b |||||||| |||| 00| 0 eng d
024 _a24,865
037 _cTextual
040 _aFLL
_cFLL
_beng
041 _2eng
_aeng
082 _aZ3, H7
100 _aWinfield P.H.
_9627316
245 0 _aEnglish civil law
250 _a4th
260 _aLondon
_bButterworth & Co. (Publishers) Ltd. London
_c1947
300 _axi,477-1206p
_ccm.
942 _hZ3, H7
_cTEXL
_2CC
999 _c1142870
_d1142870